Le Crime Financier dans la sociologie criminelle, l’histoire et le droit. (Registro nro. 299652)
[ vista simple ]
| 000 -ENCABEZADO | |
|---|---|
| Número de control [NR] | 01982nam a22002657a 4500 |
| 005 - FECHA Y HORA DE LA ÚLTIMA TRANSACCIÓN | |
| control field | 20150624111907.0 |
| 008 - DE LONGITUD FIJA DE DATOS DE ELEMENTOS - INFORMACIÓN GENERAL | |
| Elementos de longitud fija [NR] | 150507s1901 fr ||||fr|||| 001 0 fre d |
| 040 ## - FUENTE DE CATALOGACION [NR] | |
| Quien Cataloga | Sandra Yazo (modificó) |
| Quien Clasifica | Sandra Yazo (modificó) |
| 041 0# - CODIGO DE IDIOMA [R] | |
| Código de idioma para texto/pista de sonido o título separado [R] | Francés |
| 082 04 - NUMERO DE CLASIFICACION DECIMAL DEWEY [R] | |
| Número de la edición [NR] | 20 |
| Número de clasificación [R] | 345.168 |
| 092 ## - SIGNATURA TOPOGRAFICA LOCAL | |
| Número de clasificación local | E34N052 |
| 100 1# - ASIENTO PRINCIPAL--NOMBRE PERSONAL [NR] | |
| Nombre personal [NR] | Laschi, Rodolfo. |
| ID Autoridad | 68689 |
| 242 03 - TRADUCCION DEL TITULO POR LA AGENCIA CATALOGADORA [R] | |
| Título [NR] | El crimen financiero en la sociología criminal, la historia y el derecho. |
| Parte restante del título [NR] | Estudio precedido por una Introducción, expresamente revisada para la edición francesa, por el profesor E. Morselli |
| Mención de responsabilidad, etc. [NR] | Rodolphe Laschi |
| Código de idioma del título traducido [NR] | spa |
| 245 13 - MENCION DE TITULO [NR] | |
| Título [NR] | Le Crime Financier dans la sociologie criminelle, l’histoire et le droit. |
| Parte restante del título [NR] | Précédé d’une Introduction expressément revue pour l’édition française de l’ouvrage par le Professeur E. Morselli |
| Mención de responsabilidad, etc. [NR] | Rodolphe Laschi |
| 260 ## - PUBLICACION, DISTRIBUCION, ETC. (PIE DE IMPRENTA) [R] | |
| Lugar de publicación, distribución, etc. [R] | Lyon (Francia) |
| Nombre del editor, distribuidor, etc. [R] | Impremerie A. Storck & Cie [Imprenta de A. Storck y Compañía] |
| Fecha de publicación, distribución, etc. [R] | 1901 |
| 300 ## - DESCRIPCION FISICA [R] | |
| Extensión [R] | xxxvii, 205, [2] páginas |
| Dimensiones [R] | 24 x 16 cm. |
| 500 ## - NOTA GENERAL [R] | |
| Nota general [NR] | Detalles físicos: Encuadernación rígida (holandesa) en cartón forrado en papel. Lomo en cuero, con nervaduras sobre costura y adornos en dorado. Guardas en papel impreso imitando el papel de agua. Hoja de cortesía. Anteportada. Portada impresa en una sola tinta. Texto impreso en una columna. Notas al pie de página. |
| 505 1# - NOTA DE CONTENIDO CON FORMATO PREESTABLECIDO [R] | |
| Nota de contenido con formato preestablecido [NR] | Introducción ; El fraude ; Los agentes de los delitos financieros ; El delito financiero en la colectividad y en la historia ; El delincuente financiero, según la psicología y la antropología criminales ; El crimen financiero en el arte ; Los delitos financieros en la legislación ; Propuestas y reformas ; Soluciones económicas y prevención moral ; Cuadros comparativos de la incidencia de estos delitos en diversos países. |
| 506 ## - NOTA DE RESTRICCIONES DE ACCESO [R] | |
| Condiciones de acceso [NR] | Consulta en sala |
| 546 ## - NOTA DE IDIOMA [R] | |
| Nota de idioma [NR] | Texto en francés. |
| 650 #7 - ASIENTO SECUNDARIO DE MATERIA - TERMINO TEMATICO [R] | |
| 9 (RLIN) | 51343 |
| Término temático o nombre geográfico como elemento de entrada [NR] | Delitos financieros |
| 650 #7 - ASIENTO SECUNDARIO DE MATERIA - TERMINO TEMATICO [R] | |
| Término temático o nombre geográfico como elemento de entrada [NR] | Derecho penal |
| Subdivisión geográfica [R] | Francia |
| 9 (RLIN) | 68678 |
| 690 ## - ASUNTO AGREGADO LOCAL DE ENTRADA - TÉRMINO TEMÁTICO (OCLC, RLIN) | |
| 9 (RLIN) | 42778 |
| Acceso temático local | Derecho penal |
| 942 ## - ELEMENTOS DE ENTRADA AGREGADOS (KOHA) | |
| Sistema de clasificación | LOCAL |
| Tipo de ítem principal el descrito en 300a | Libro |
| Edición | 1 |
| Clasificación | E34N052 |
| Suprimido | Perdido | Sistema de clasificación | Dañado | No prestable | Tipo de ítem específico | Ubicación habitual | Ubicación actual | Localización | Fecha de creación | Forma de adquisición | Costo | Total préstamos | Signatura topográfica | Código de barras | Última vez visto | Ejemplar | Price effective from | Tipo de ítem |
|---|---|---|---|---|---|---|---|---|---|---|---|---|---|---|---|---|---|---|
| LOCAL | Libro archivo | Archivo Histórico | Archivo Histórico | Archivo histórico | 07/05/2015 | Donación | 0.00 | E34N052 | L004785 | 07/05/2015 | Ej.1 | 07/05/2015 | Libro |